000
00240nam a2200097Ia 4500
001
749686
005
20250826164439.0
008
250824s9999 xx 000 0 und d
245
0
_a
HORTUMLU NEŞELİ FİL
_c
ANONİM
260
_b
KARATAY YAYINLARI
999
_c
749686
_d
749686